LexisNexis short notes & multiple choice questions : (Record no. 81460)

MARC details
000 -LEADER
fixed length control field 00540nam a22001697a 4500
005 - DATE AND TIME OF LATEST TRANSACTION
control field 20140109155854.0
010 ## - LCCN (DPL NO)
LC control number ENG-109000
020 ## - INTERNATIONAL STANDARD BOOK NUMBER
International Standard Book Number 9789351430315
Terms of availability 295.00
035 ## - SYSTEM CONTROL NUMBER
System control number EN-92533
037 ## - SOURCE OF ACQUISITION
Source of stock number/acquisition DBAD/PUB
082 ## - DEWEY DECIMAL CLASSIFICATION NUMBER
Classification number 340.59
245 ## - TITLE STATEMENT
Title LexisNexis short notes & multiple choice questions :
Remainder of title Mahomedan law
260 ## - PUBLICATION, DISTRIBUTION, ETC. (IMPRINT)
Place of publication, distribution, etc Gurgaon
Name of publisher, distributor, etc Lexis Nexis
Date of publication, distribution, etc 2013
270 ## - ADDRESS
Address 14th floor, Building No 10, Tower-B, DLF Cyber City, Phase-ll,
City Gurgaon
Postal code 122002
300 ## - PHYSICAL DESCRIPTION
Extent x,232p.
Dimensions 24cm(pbk)
942 ## - ADDED ENTRY ELEMENTS (KOHA)
Source of classification or shelving scheme Dewey Decimal Classification
Item type English Books
Call number suffix LEX
Classification part 340.59
Holdings
Withdrawn status Lost status Not for loan Collection code Home library Current library Date acquired Source of acquisition Cost, normal purchase price Full call number Barcode Copy number Cost, replacement price Koha item type
    Not For Loan Non-fiction D.B.Act.Division D.B.Act.Division 24/12/2013 DBAD/PUB 295.00 340.59 LEX EN-92533 1 295.00 English Books

© Delhi Public Library
Hit Counter
free hit counter